| 000 | 00428cam a2200181ua 4500 | ||
|---|---|---|---|
| 020 | _c2.00 | ||
| 041 |
_ahin _h |
||
| 082 |
_a891.54 _bRAV/PA |
||
| 100 | _aRavindranatha, Tagore . | ||
| 245 |
_aParaya / _cRanindranatha Tagore. _hTextual Documents |
||
| 250 |
_a1 / _b. |
||
| 260 |
_aDelhi : _bPrabhat Prakashan , _c1963. |
||
| 300 | _a134 ; . | ||
| 365 | _a2.00 | ||
| 504 | _a | ||
| 942 | _cBK | ||
| 999 |
_c8478 _d8478 |
||